Every Survivor Player to Reach the End - Statistics

General Stats
  • This quiz has been taken 21 times
    4 since last reset
  • The average score is 104 of 126
Answer Stats
Hint Answer % Correct
S23: South Pacific Runner-Up 2 Albert Destrade
100%
S15: China Runner-Up 2 | S16: Fans vs Favorites Runner-Up Amanda Kimmel
100%
S8: All-Stars Winner Amber Brkich
100%
S12: Panama Winner Aras Baskauskas
100%
S13: Cook Islands Runner-Up 2 Becky Lee
100%
S17: Gabon Winner Bob Crowley
100%
S5: Thailand Winner Brian Heidik
100%
S14: Fiji Runner-Up 2 Cassandra Franklin
100%
S21: Nicaragua Runner-Up 1 Chase Rice
100%
S24: One World Runner-Up 2 Chelsea Meissner
100%
S9: Vanuatu Winner Chris Daugherty
100%
S38: Edge of Extinction Winner Chris Underwood
100%
S5: Thailand Runner-Up Clay Jordan
100%
S23: South Pacific Runner-Up 1 Coach Wade
100%
S2: Australian Outback Runner-Up Colby Donaldson
100%
S15: China Runner-Up 1 Courtney Yates
100%
S12: Panama Runner-Up Danielle DiLorenzo
100%
S11: Guatemala Winner Danni Boatwright
100%
S25: Philippines Winner Denise Stapley
100%
S14: Fiji Runner-Up 1 Dreamz Herd
100%
S14: Fiji Winner Earl Cole
100%
S3: Africa Winner Ethan Zohn
100%
S21: Nicaragua Winner Fabio Birza
100%
S6: Amazon Winner Jenna Morasca
100%
S18: Tocantins Winner J.T. Thomas
100%
S10: Palau Runner-Up Katie Gallagher
100%
S1: Borneo Runner-Up Kelly Wiglesworth
100%
S3: Africa Runner-Up Kim Johnson
100%
S24: One World Winner Kim Spradlin-Wolfe
100%
S7: Pearl Islands Runner-Up Lillian Morris
100%
S25: Philippines Runner-Up 2 Lisa Whelchel
100%
S6: Amazon Runner-Up Matthew von Ertfelda
100%
S19: Samoa Runner-Up 2 Mick Trimming
100%
S29: San Juan del Sur Winner | S40: Winners at War Runner-Up 1 Natalie Anderson
100%
S22: Redemption Island Runner-Up 2 Natalie Tenerelli
100%
S19: Samoa Winner Natalie White
100%
S4: Marquesas Runner-Up Neleh Dennis
100%
S13: Cook Islands Runner-Up 1 Ozzy Lusth
100%
S16: Fans vs Favorites Winner | S20: Heroes vs Villains Runner-Up 1 Parvati Shallow
100%
S22: Redemption Island Runner-Up 1 Phillip Sheppard
100%
S1: Borneo Winner Richard Hatch
100%
S22: Redemption Island Winner | S8: All-Stars Runner-Up Rob Mariano
100%
S19: Samoa Runner-Up 1 | S20: Heroes vs Villains Runner-Up 2 Russell Hantz
100%
S24: One World Runner-Up 1 Sabrina Thompson
100%
S7: Pearl Islands Winner Sandra Diaz-Twine
100%
S20: Heroes vs Villains Winner Sandra-Diaz Twine
100%
S21: Nicaragua Runner-Up 2 Sash Lenahan
100%
S23: South Pacific Winner Sophie Clark
100%
S18: Tocantins Runner-Up Stephen Fishbach
100%
S11: Guatemala Runner-Up Stephenie LaGrossa
100%
S17: Gabon Runner-Up 2 Sugar Kiper
100%
S17: Gabon Runner-Up 1 Susie Smith
100%
S2: Australian Outback Winner Tina Wesson
100%
S15: China Winner Todd Hertzog
100%
S10: Palau Winner Tom Westman
100%
S9: Vanuatu Runner-Up Twila Tanner
100%
S4: Marquesas Winner Vecepia Towery
100%
S13: Cook Islands Winner Yul Kwon
100%
S33: Millennials vs Gen X Winner Adam Klein
67%
S37: David vs Goliath Runner-Up 2 Angelina Keeley
67%
S32: Kaoh Rong Runner-Up 1 Aubry Bracco
67%
S35: Heroes vs Healers vs Hustlers Winner Ben Drierbegen
67%
S46 Runner-Up 2 Ben Katzman
67%
S34: Game Changers Runner-Up 1 Brad Culpepper
67%
S30: Worlds Apart Runner-Up 1 Carolyn Rivera
67%
S44 Runner-Up 2 Carolyn Wiger
67%
S43 Runner-Up 1 Cassidy Clark
67%
S35: Heroes vs Healers vs Hustlers Runner-Up 1 Chrissy Hoffbeck
67%
S26: Caramoan Runner-Up 2 Dawn Meehan
67%
S39: Island of the Idols Runner-Up 1 Dean Kowalski
67%
S45 Winner Dee Valladares
67%
S41 Runner-Up 1 Deshawn Radden
67%
S36: Ghost Island Runner-Up 1 Domenick Abbate
67%
S41 Winner Erika Casupanan
67%
S38: Edge of Extinction Runner-Up 1 Gavin Whitson
67%
S27: Blood vs Water Runner-Up 2 Gervase Peterson
67%
S33: Millennials vs Gen X Runner-Up 2 Hannah Shapiro
67%
S29: San Juan del Sur Runner-Up 1 Jaclyn Shultz
67%
S31: Cambodia Winner Jeremy Collins
67%
S26: Caramoan Winner John Cochran
67%
S38: Edge of Extinction Runner-Up 2 Julie Rosenberg
67%
S33: Millennials vs Gen X Runner-Up 1 Ken McNickle
67%
S46 Winner Kenzie Petty
67%
S36: Ghost Island Runner-Up 2 Laurel Johnson
67%
S42 Winner Maryanne Oketch
67%
S25: Philippines Runner-Up 1 Michael Skupin
67%
S32: Kaoh Rong Winner | S40: Winners at War Runner-Up 2 Michele Fitzgerald
67%
S43 Winner Mike Gabler
67%
S30: Worlds Apart Winner Mike Holloway
67%
S42 Runner-Up 1 Mike Turner
67%
S37: David vs Goliath Runner-Up 1 Mike White
67%
S29: San Juan del Sur Runner-Up 2 Missy Payne
67%
S27: Blood vs Water Runner-Up 1 Monica Culpepper
67%
S37: David vs Goliath Winner Nick Wilson
67%
S39: Island of the Idols Runner-Up 2 Noura Salman
67%
S43 Runner-Up 2 Owen Knight
67%
S47 Winner Rachel LaMont
67%
S42 Runner-Up 2 Romeo Escobar
67%
S35: Heroes vs Healers vs Hustlers Runner-Up 2 Ryan Ulrich
67%
S47 Runner-Up 1 Sam Phalen
67%
S34: Game Changers Winner Sarah Lacina
67%
S26: Caramoan Runner-Up 1 Sherri Biethman
67%
S31: Cambodia Runner-Up 1 Spencer Bledsoe
67%
S47 Runner-Up 2 Sue Smey
67%
S32: Kaoh Rong Runner-Up 2 Tai Trang
67%
S31: Cambodia Runner-Up 2 Tasha Fox
67%
S39: Island of the Idols Winner Tommy Sheehan
67%
S28: Cagayan Winner | S40: Winners at War Winner Tony Vlachos
67%
S34: Game Changers Runner-Up 2 Troyzan Robertson
67%
S27: Blood vs Water Winner Tyson Apostol
67%
S36: Ghost Island Winner Wendell Holland
67%
S30: Worlds Apart Runner-Up 2 Will Sims II
67%
S28: Cagayan Runner-Up Woo Hwang
67%
S41 Runner-Up 2 Xander Hastings
67%
S44 Winner Yam Yam Arocho
67%
S45 Runner-Up 1 Austin Li Coon
33%
S46 Runner-Up 1 Charlie Davis
33%
S44 Runner-Up 1 Heidi Lagares-Greenblatt
33%
S45 Runner-Up 2 Jake O'Kane
33%
No matching quizzes found
Score Distribution
Percent of People with Each Score
Percentile by Number Answered
Your Score History
You have not taken this quiz since the last reset